Statistics for Blackbird Lyrics - The Beatles

Click here to take the quiz!

General Stats

  • This quiz has been taken 448 times
  • The average score is 116 of 124

Answer Stats

Lyrics% Correct
black
100%
and
99%
blackbird
99%
Blackbird
99%
fly
99%
fly,
99%
in
99%
night
99%
the
99%
to
99%
learn
98%
of
98%
singing
98%
wings
98%
broken
97%
dead
97%
You
97%
for
96%
Take
96%
your
95%
All
94%
moment
94%
these
94%
this
94%
waiting
93%
life
92%
only
90%
were
89%
be
84%
Into
83%
dark
80%
see
80%
eyes
79%
free
77%
arise
71%
sunken
68%
light
67%

Score Distribution

Percentile by Number Answered

Percent of People with Each Score

Your Score History

You have not taken this quiz